00982nam a2200169 4500008001200000020001800012082001700030100002000047110001900067111002300086245003900109260002800148300003800176505047500214650010100689700002200790708.1 P185r a9780997494099 a708.1bP185r aAlvarez, Anelys aFabius, Roxana aM. Hanna, Patricia aUn retrato: bes simple y concreto aMinneapolisbNAMEc2017 a328 p.bil. (col)c30,5 x 24,5 cm tMelatonina/Madre/Miami/Meandro/MagmarLegna Rodríguez IglesiastUn sentido de lugarrPatricia M. HannatPrólogorFranklin SirmanstA manera de prefacio (y a falta de espejo)rMagalí ArriolatDesplazamientos geográficos y migraciones emocionales en un territorio incierto rMiguel A. López tInclusión radical: el arte contemporáneo en la colección PérezrTatiana Flores tIlustracionestIndicetAgradecimientotCréditos de imágenesrTatiana Flores  xarte contemporáneoxarte - coleccionesxarte - galeríasxarte - museosxarte - exhibiciones  aZuluaga, Natalia